Las Bolsas de cereales y su influencia en las exportaciones de América Latina y el Caribe
Gardado en:
| Autor Corporativo: | |
|---|---|
| Formato: | Texto |
| Publicado: |
s.l:
CEPAL
|
| Etiquetas: |
Engadir etiqueta
Sen Etiquetas, Sexa o primeiro en etiquetar este rexistro!
|
MARC
| LEADER | 00000 a a2200000 04500 | ||
|---|---|---|---|
| 001 | 24796 | ||
| 003 | |||
| 040 | |||
| 090 | |a 174700 | ||
| 110 | |a CEPAL | ||
| 245 | |a Las Bolsas de cereales y su influencia en las exportaciones de América Latina y el Caribe | ||
| 260 | |a s.l: |b CEPAL | ||
| 300 | |a 140 p |b **no definido** |b fonodiscos | ||
| 999 | |c 12931 |d 12931 | ||
